书目信息 |
| 题名: |
品牌突围
|
|
| 作者: | 库马尔 , 斯丁坎普 , 库马尔 , 扬-本尼迪克特·斯廷坎普 著 ;扈喜林 译 | |
| 分册: | ||
| 出版信息: | 北京 中国财富出版社 2013 |
|
| 页数: | 220页 | |
| 开本: | 24cm | |
| 丛书名: | ||
| 单 册: | ||
| 中图分类: | F279.13 | |
| 科图分类: | ||
| 主题词: | 企业管理--品牌战略--研究 , 品牌战略 , 企业管理 | |
| 电子资源: | ||
| ISBN: | 978-7-5047-4749-5 | |
| 000 | 01618nam0 2200337 450 | |
| 001 | 140484 | |
| 005 | 20140928155420.57 | |
| 010 | @a978-7-5047-4749-5@dCNY 48.00 | |
| 100 | @a20131010d2013 em y0chiy50 ea | |
| 101 | 1 | @achi@ceng |
| 102 | @aCN@b110000 | |
| 105 | @ay z 000yy | |
| 200 | 1 | @a品牌突围@Apin pai tu wei@b专著@dBrand breakout@e新兴市场品牌如何走向世界@ehow emerging market brands will go global@f(美、英)库马尔(Nirmalya Kumar),(荷)扬-本尼迪克特·斯廷坎普(Jan-Benedict E. M. Steenkamp)著@F(mei、ying)ku ma er(Nirmalya Kumar),(he)yang-ben ni di ke te·si ting kan pu(Jan-Benedict E.M.Steenkamp)zhu@g扈喜林译@zeng |
| 210 | @a北京@c中国财富出版社@d2013 | |
| 215 | @a220页@d24cm | |
| 300 | @a中欧经管图书 | |
| 305 | @a上海中欧国际文化传播有限公司授权出版 | |
| 330 | @a本书介绍了八种战略,其中包括亚洲龟路线、B2B到B2C路线、品牌收购路线、文化资源路线等。这些路线可以帮助新兴市场企业从国内领先企业发展为全球成功品牌。 | |
| 510 | 1 | @aBrand breakout@ehow emerging market brands will go global@zeng |
| 517 | 1 | @a新兴市场品牌如何走向世界@Axin xing shi chang pin pai ru he zou xiang shi jie |
| 606 | 0 | @a企业管理@x品牌战略@x研究 |
| 606 | 0 | @a品牌战略 |
| 606 | 0 | @a企业管理 |
| 690 | @aF279.13@v5 | |
| 701 | 0 | @c(美)@a库马尔@Aku ma er@c(Kumar, Nirmalya)@4著 |
| 701 | 0 | @c(荷)@a斯丁坎普@Asi ding kan pu@c(Steenkamp, Jan-Benedict E. M. )@4著 |
| 701 | 0 | @a库马尔@Aku ma er@bNirmalyaKumar@4著 |
| 701 | 0 | @a扬-本尼迪克特·斯廷坎普@Ayang-ben ni di ke te·si ting kan pu@bJan-BenedictE.M.Steenkamp@4著 |
| 702 | 0 | @a扈喜林@Ahu xi lin@4译 |
| 801 | 0 | @c20140928 |
| 905 | @a241430@dF279.13@eK851 | |
| 品牌突围=Brand breakout:新兴市场品牌如何走向世界:how emerging market brands will go global/(美、英)库马尔(Nirmalya Kumar),(荷)扬-本尼迪克特·斯廷坎普(Jan-Benedict E. M. Steenkamp)著/扈喜林译.-北京:中国财富出版社,2013 |
| 220页;24cm |
| 中欧经管图书 |
| ISBN 978-7-5047-4749-5:CNY 48.00 |
| 本书介绍了八种战略,其中包括亚洲龟路线、B2B到B2C路线、品牌收购路线、文化资源路线等。这些路线可以帮助新兴市场企业从国内领先企业发展为全球成功品牌。 |
| ● |
| 相关链接 |
|
|
|
正题名:品牌突围
索取号:F279.13/K851
 
预约/预借
| 序号 | 登录号 | 条形码 | 馆藏地/架位号 | 状态 | 备注 |
| 1 | 0835300 | 208353002 | 社科二线422/409社科库 97排3列2层/ [索取号:F279.13/K851] | 在馆 | |
| 2 | 0835301 | 208353011 | 社科二线422/409社科库 97排3列2层/ [索取号:F279.13/K851] | 在馆 | |
| 3 | 0835302 | 208353020 | 社科库409/409社科库 97排3列2层/ [索取号:F279.13/K851] | 在馆 |